Cost Accounting I/ (Record no. 212273)

MARC details
000 -LEADER
fixed length control field 00568nam a2200193 4500
005 - DATE AND TIME OF LATEST TRANSACTION
control field 20250709124227.0
010 ## - LCCN (DPL NO)
LC control number ENG-145804
020 ## - INTERNATIONAL STANDARD BOOK NUMBER
International Standard Book Number 9789364440561
Terms of availability 675.00
035 ## - SYSTEM CONTROL NUMBER
System control number EN-129336
037 ## - SOURCE OF ACQUISITION
Source of stock number/acquisition DBAD
082 ## - DEWEY DECIMAL CLASSIFICATION NUMBER
Classification number 657.42
Edition number 1
100 ## - MAIN ENTRY--PERSONAL NAME
Personal name Hanif, M
245 ## - TITLE STATEMENT
Title Cost Accounting I/
Statement of responsibility, etc M Hanif
250 ## - EDITION STATEMENT
Edition statement 1
260 ## - PUBLICATION, DISTRIBUTION, ETC. (IMPRINT)
Place of publication, distribution, etc Tamil Nadu
Name of publisher, distributor, etc Mcgraw Hill Education Pvt Ltd
Date of publication, distribution, etc 2025
270 ## - ADDRESS
Address Anjana Complex No: 5/90 A, Butt Road, St Thomas Mount
City Tamil Nadu
Postal code 600016
300 ## - PHYSICAL DESCRIPTION
Extent vpp.
Dimensions 24cm(pb)
Other physical details Index
942 ## - ADDED ENTRY ELEMENTS (KOHA)
Source of classification or shelving scheme Dewey Decimal Classification
Item type English Books
Classification part 657.42
Call number suffix HAN
Holdings
Withdrawn status Lost status Not for loan Collection code Home library Current library Date acquired Source of acquisition Cost, normal purchase price Full call number Barcode Copy number Cost, replacement price Koha item type
      Non-fiction Sarojini Nagar Sarojini Nagar 09/07/2025 Delivery of Books Act Division 675.00 657.42 HAN EN-129336 1 675.00 English Books

© Delhi Public Library
Hit Counter
free hit counter